| 000 | 00650cam a2200229 4500 | ||
|---|---|---|---|
| 001 | M1424 | ||
| 008 | 090401t1993 xxu||||| |||| 00| 0 eng d | ||
| 035 | _a(Sirsi) u31878 | ||
| 041 | _aeng | ||
| 050 | _a333.0062 | ||
| 090 | _aRICS 1993/39A | ||
| 100 | _aJonas, Christopher | ||
| 245 | _aSample speech by Christopher Jonas, RICS President, at branch promotional lunches. | ||
| 260 |
_aLondon _bRICS _c1993 |
||
| 300 | _a(80) leaves ; 30cm. | ||
| 350 | _a0 | ||
| 520 | _aChristopher Jonas was RICS President 1992/93. | ||
| 650 | _aSPEECHES | ||
| 710 |
_aRoyal Institution of Chartered Surveyors _94900 |
||
| 942 | _n0 | ||
| 948 | _c04/03/1997 | ||
| 999 |
_c89640 _d89640 |
||